<?xml version="1.0" encoding="UTF-8"?>
<record
    xmlns:xsi="http://www.w3.org/2001/XMLSchema-instance"
    xsi:schemaLocation="http://www.loc.gov/MARC21/slim http://www.loc.gov/standards/marcxml/schema/MARC21slim.xsd"
    xmlns="http://www.loc.gov/MARC21/slim">

  <leader>01079nam a2200241Ia 4500</leader>
  <controlfield tag="003">IN-BaIIA</controlfield>
  <controlfield tag="008">211028s9999    xx            000 0 eng d</controlfield>
  <datafield tag="020" ind1=" " ind2=" ">
    <subfield code="a">1-56396-664-6</subfield>
  </datafield>
  <datafield tag="040" ind1=" " ind2=" ">
    <subfield code="c">IIA Library</subfield>
  </datafield>
  <datafield tag="080" ind1=" " ind2=" ">
    <subfield code="a">523.6(082.2)</subfield>
    <subfield code="b">AST</subfield>
  </datafield>
  <datafield tag="111" ind1=" " ind2=" ">
    <subfield code="a">Conference Astrophysical Implications of the Laboratory Study of Pre solar Materials</subfield>
    <subfield code="c">USA</subfield>
    <subfield code="d">1996 Oct. 31- Nov. 2</subfield>
    <subfield code="9">22641</subfield>
  </datafield>
  <datafield tag="245" ind1=" " ind2="0">
    <subfield code="a">Astrophysical implications of the laboratory study of presolar materials</subfield>
    <subfield code="b">proceedings of the conference held in St.Louis, USA, October 31 to November 2, 1996</subfield>
    <subfield code="c">edited by T. J. Bernatowicz and Ernst Zinner                                         </subfield>
  </datafield>
  <datafield tag="260" ind1=" " ind2=" ">
    <subfield code="a">New York</subfield>
    <subfield code="b">American Institute of Physics</subfield>
    <subfield code="c">1997</subfield>
  </datafield>
  <datafield tag="300" ind1=" " ind2=" ">
    <subfield code="a">xiii, 750p.</subfield>
  </datafield>
  <datafield tag="490" ind1=" " ind2=" ">
    <subfield code="a">AIP conference proceedings; v. 402</subfield>
  </datafield>
  <datafield tag="650" ind1=" " ind2=" ">
    <subfield code="a">Astrophysics -- Congresses</subfield>
    <subfield code="9">12189</subfield>
  </datafield>
  <datafield tag="650" ind1=" " ind2=" ">
    <subfield code="a">Cosmic grains -- Congresses</subfield>
    <subfield code="9">22642</subfield>
  </datafield>
  <datafield tag="650" ind1=" " ind2=" ">
    <subfield code="a">Cosmochemistry -- Congresses</subfield>
    <subfield code="9">22643</subfield>
  </datafield>
  <datafield tag="700" ind1=" " ind2=" ">
    <subfield code="a">Bernatowicz, T. J., ed.</subfield>
    <subfield code="9">22644</subfield>
  </datafield>
  <datafield tag="700" ind1=" " ind2=" ">
    <subfield code="a">Zinner, Ernst., ed.</subfield>
    <subfield code="9">22645</subfield>
  </datafield>
  <datafield tag="710" ind1=" " ind2=" ">
    <subfield code="a">American Institute of Physics       </subfield>
    <subfield code="9">2416</subfield>
  </datafield>
  <datafield tag="942" ind1=" " ind2=" ">
    <subfield code="c">BK</subfield>
  </datafield>
  <datafield tag="999" ind1=" " ind2=" ">
    <subfield code="c">12905</subfield>
    <subfield code="d">12905</subfield>
  </datafield>
  <datafield tag="952" ind1=" " ind2=" ">
    <subfield code="0">0</subfield>
    <subfield code="1">0</subfield>
    <subfield code="4">0</subfield>
    <subfield code="7">0</subfield>
    <subfield code="a">BAN</subfield>
    <subfield code="b">BAN</subfield>
    <subfield code="c">GEN</subfield>
    <subfield code="d">1999-02-16</subfield>
    <subfield code="g">8900.00</subfield>
    <subfield code="l">0</subfield>
    <subfield code="o">523.6(082.2)/ AST</subfield>
    <subfield code="p">13822</subfield>
    <subfield code="r">2021-11-05</subfield>
    <subfield code="v">8900.00</subfield>
    <subfield code="w">1999-02-16</subfield>
    <subfield code="y">BK</subfield>
    <subfield code="G">Rs. 8900.00</subfield>
  </datafield>
</record>
